Quizzes
Events
Quiz Creation
Community
Videos
Private Events
Remove Ads
Sign In
Join for FREE
Feedback
Dark Mode
Quiz Categories
Sports
Geography
Music
Movies
Television
Just For Fun
Miscellaneous
History
Literature
Language
Science
Gaming
Entertainment
Religion
Holiday
For Kids
Quiz Lab
Recent
Popular Today
Quiz Kudos Today
Editor Picks
Curator Picks
Quizzes by...
Day
Popularity
Type
Ratings
Length
Year
Community
Subscriptions
Recent Discussions
Orange Saloon
Badges
Playlists
Quests
Create
Leaderboards
Showdown
Live 5
Trivia Bingo
Activity
Puzzle Library
Sporcle Events
Private Events
Virtual Trivia
Globe League
Become a Host
Pub Owners
SporcleCon
Opinionation
Our Games
Videos
Blog
Mobile Apps
Partnerships
Remove Ads and Go Orange
Feedback
Geography
Country
Landmarks
City
State
Population
World
Capital
Continent
Flags
Europe
Africa
Asia
South America
North America
Oceania
Border
Canada
United Kingdom
Topography
United States
Geography
Country
Landmarks
City
State
Population
World
Capital
Continent
Flags
Europe
Africa
Asia
South America
North America
Oceania
Border
Canada
United Kingdom
Topography
United States
Random Quiz
Search Sporcle
×
Quiz Lab
Quiz Lab
Geography
City
Type in answers that appear in a list
Type in answers that appear in a list
Classic
Best Score? Go Orange.
World Metros Top 50 Stats
Can you name the Top 50 populated metros in the world?
By
Scott15
12m
50 Questions
404 Plays
404 Plays
404 Plays
Comments
Comments
Give Quiz Kudos
Give Quiz Kudos
-
- Ratings
hide this ad
Forced Order
Answers have to be entered in order
Answers have to be entered in order
Replay
Link that replays current quiz
Next Quiz
Link to next quiz in quiz playlist
You Got
0%
They Got
Avg Score
69%
Avg Friend Score
Upgrade to see
Score Distribution
Jump to the score distribution portion of the page
Score
0/50
Timer
12:00
0
Plays Today
Population
City
% Correct
28,025,000
Tokyo
99.8%
18,131,000
Mexico City
99.5%
16,626,000
New York
98.3%
13,129,000
Los Angeles
97.5%
18,042,000
Mumbai
95.5%
14,173,000
Shanghai
95.3%
12,215,000
Seoul
93.8%
10,772,000
Cairo
93.8%
17, 711,000
Sao Paulo
93.6%
12,033,000
Beijing
92.8%
12,431,000
Buenos Aires
92.3%
9,638,000
Paris
92.3%
9,299,000
Moscow
91.6%
7,640,000
London
91.1%
6,945,000
Chicago
90.8%
10,818,000
Manila
90.3%
9,413,000
Istanbul
90.3%
7,221,000
Bangkok
89.6%
7.380.000
Tehran
89.4%
10,556,000
Rio de Janeiro
89.1%
7,443,000
Lima
89.1%
9,815,000
Jakarta
88.4%
13,488,000
Lagos
87.4%
10,609,000
Osaka
86.1%
6,834,000
Bogota
86.1%
Population
City
% Correct
11,680,000
Delhi
81.2%
11,774,000
Karachi
80%
4,657,000
Toronto
77%
6,424,000
Ho Chi Minh City
76.5%
10,979,000
Dhaka
76.2%
4,796,000
Baghdad
75.5%
5,132,000
St Petersburg
75.2%
12,900,000
Kolkata
72.8%
5,068,000
Kinshasa
60.4%
6,030,000
Lahore
55.4%
5,261,000
Santiago
50.2%
6,833,000
Hyderabad
50%
6,639,000
Chennai
47.8%
6,097,000
Hong Kong
47.8%
10,239,000
Tianjin
43.3%
5,544,000
Bangalore
40.6%
6,559,000
Essen
40.3%
5,162,000
Guangzhou
27.7%
4,750,000
Wuhan
27.7%
5,681,000
Shenyang
19.1%
5,293,000
Chengdu
17.6%
5,475,000
Harbin
16.1%
6,389,000
Hangzhou
14.6%
5,566,000
Changchun
5.2%
4,789,000
Jinan
4.5%
Quiz Playlist
Details
Report
Send in Message
Add To Playlist
Classic:
Type in answers that appear in a list
Forced Order:
Answers have to be entered in order
Quiz Source
Last Updated: Feb 16, 2017
Quiz Scoreboard
CHALLENGE
Sign Up to Join the Scoreboard
Show All
Scores
Hide
Comments
May contain spoilers
Recently Published
Alphabetical 'K' Countries by Flag Minefield
by ylime102
Geography
3m
Pick 6: Fruits
by JohnFran
Miscellaneous
15s
Click the 1999 NBA Draft
by nibperrychub
Sports
2m
More to Explore
Quiz From the Vault
Featured Blog Post
15 Basketball Trivia Facts You Can Be March Mad About
hide this ad
You Might Also Like...
Tags
City Quiz
Country Quiz
Population Quiz
World Quiz
retro
Top 50
Today's Top Quizzes in Geography
Browse Geography
hide this ad
Today's Top Quizzes in City
Browse City
Top Contributed Quizzes in Geography
1
Complete the Map Snippet (Minefield) IX
2
Countries of the World - No Outlines Minefield
3
Alphabetical 'B' Countries by Flag Minefield
4
Find the Landmarks A-Z
5
Alphabetical 'L' Countries By Flag Minefield
6
Countries of Africa - No Outlines, No Skips Minefield
7
Alphabetical 'A' Countries by Flag Minefield
8
Pick 6: Mountains
9
30 Pics in 60: Landmarks
10
Alphabetical 'N' Countries by Flag Minefield
Explore More
Trending Topics
NBA
Marvel
Anime
Harry Potter
Kpop
Crossword
Disney
Puzzle
NFL
WWE
Soccer
Pokémon
Country
The Office
Song
hide this ad
More By:
Scott15
Quiz
Plays
Rating
Category
Featured
Created
Canadian Cities
630
4.00
Geography
Mar 13, 2010
The Americas Metros +1,000,000
470
4.00
Geography
Mar 4, 2012
World Metros Top 50
404
2.33
Geography
Mar 30, 2010
Quebec Cities
357
2.25
Geography
Mar 18, 2010
Beer Slogans
39
1.00
Just For Fun
Mar 10, 2010
Go to Creator's Profile
Score Distribution
Quiz Creator Spotlight
Scott15
Follow
Send a Message
Quizzes Created
-
Created Quiz Play Count
-
More By This Creator
Popular Quizzes Today
1
Find the US States - No Outlines Minefield
2
Countries of Asia Without Outlines Minefield
3
Pick 6: Fruits
4
Alphabetical 'K' Countries by Flag Minefield
5
The Countries of the World
6
Click the 1999 NBA Draft
7
Find the US States
8
Match the Book to the Film X
More Geography Quizzes
Countries on the Heels of Europe
Curator's Pick
Trending Quizzes
Pick 6: Harry Potter
Pick 6: Mountains
Pick 6: NFL Teams
Pick 6: Golfers
Pick 6: Movie Franchises
Recently Updated
Women's Final Four Teams by Year
bhenderson79
Presidents Quartet II
eogle
Anything But Clue(do)
eogle
Anything But Oceanian Capitals
eogle
Anything But 7
eogle
Anything But Thing
eogle
Word Ladder: February 29
pecheneg
Song Title Questions
pecheneg
Women's NCAA Tournament #1 Seeds
pecheneg
Celebrity Mug Shots
pecheneg
Trending Topics
Crossword
NBA
Kpop
Marvel
Harry Potter
Disney
Anime
Pokémon
Soccer
Country
NFL
Puzzle
Song
WWE
The Office
Your Account Isn't Verified!
In order to create a playlist on Sporcle, you need to verify the email address you used during registration. Go to your
Sporcle Settings
to finish the process.
Report this User
Report this user for behavior that violates our
Community Guidelines
.
Details:
Send Report
Go to the Sporcle.com Mobile Site →
Comments